[Event "Finale del Campionato Italiano Assoluto 2016"]
[Site "Roma"]
[Date "2016.12.09"]
[Round "3.1"]
[White "IM 2433, Bellia, Fabrizio"]
[Black "IM 2478, Moroni, Luca jr"]
[Result "1-0"]
[LiveChessVersion "1.4.6"]
[BlackElo "2478"]
[WhiteElo "2433"]

1. e4 {[%clk 1:40:27]} e6 {[%clk 1:40:58]} 2. d4 {[%clk 1:40:53]} d5
{[%clk 1:41:25]} 3. Nd2 {[%clk 1:41:20]} a6 {[%clk 1:41:53]} 4. Ngf3
{[%clk 1:41:04]} Nf6 {[%clk 1:42:44]} 5. Bd3 {[%clk 1:39:49]} c5 {[%clk 1:43:08]}
6. exd5 {[%clk 1:39:42]} Qxd5 {[%clk 1:43:33]} 7. dxc5 {[%clk 1:39:37]} Bxc5
{[%clk 1:43:38]} 8. Qe2 Nbd7 {[%clk 1:44:04]} 9. O-O {[%clk 1:35:16]} O-O 10. Rd1
Qh5 {[%clk 1:44:22]} 11. Nf1 {[%clk 1:30:31]} b5 {[%clk 1:44:24]} 12. Ng3
{[%clk 1:24:43]} Qg4 {[%clk 1:44:12]} 13. Ne4 {[%clk 1:09:23]} Bb7 14. h3 Qh5
{[%clk 1:44:23]} 15. Bg5 {[%clk 0:53:05]} h6 {[%clk 1:42:06]} 16. Bxf6
{[%clk 0:49:15]} Nxf6 {[%clk 1:41:53]} 17. Nxf6+ {[%clk 0:49:04]} gxf6
{[%clk 1:42:18]} 18. Be4 {[%clk 0:49:28]} Bxe4 {[%clk 1:40:05]} 19. Qxe4
{[%clk 0:49:36]} Rfd8 {[%clk 1:34:59]} 20. c3 {[%clk 0:39:54]} Qg6
{[%clk 1:26:39]} 21. Qc6 {[%clk 0:34:55]} Rdc8 {[%clk 1:22:48]} 22. Qd7
{[%clk 0:33:25]} Kh8 {[%clk 1:22:17]} 23. Qd3 {[%clk 0:30:32]} f5
{[%clk 1:18:24]} 24. Ne5 {[%clk 0:21:17]} Qg7 {[%clk 1:16:52]} 25. Qe2
{[%clk 0:19:56]} Rg8 {[%clk 1:02:14]} 26. g4 {[%clk 0:20:16]} fxg4
{[%clk 1:00:32]} 27. hxg4 {[%clk 0:20:41]} Ra7 {[%clk 0:59:55]} 28. Kf1
{[%clk 0:19:22]} Qf6 {[%clk 0:52:13]} 29. Rd3 {[%clk 0:17:36]} Rg5
{[%clk 0:48:09]} 30. Re1 {[%clk 0:16:53]} Kg8 {[%clk 0:42:21]} 31. Rf3
{[%clk 0:12:09]} Qg7 {[%clk 0:41:29]} 32. Qe4 {[%clk 0:11:58]} Bd6
{[%clk 0:28:42]} 33. Qd4 {[%clk 0:11:10]} Bxe5 {[%clk 0:27:56]} 34. Qxa7
{[%clk 0:11:33]} Rxg4 {[%clk 0:28:25]} 35. Qa8+ {[%clk 0:09:04]} Kh7
{[%clk 0:28:18]} 36. Qb7 {[%clk 0:08:56]} Bf6 {[%clk 0:25:54]} 37. Rd1
{[%clk 0:06:34]} Qg6 {[%clk 0:25:09]} 38. Rd7 {[%clk 0:04:15]} Qb1+
{[%clk 0:18:59]} 39. Ke2 {[%clk 0:04:41]} Bg7 {[%clk 0:14:00]} 40. Rd2
{[%clk 0:53:40]} Re4+ {[%clk 0:58:03]} 41. Re3 {[%clk 0:53:53]} Rf4
{[%clk 0:57:43]} 42. Rf3 {[%clk 0:41:10]} Rh4 {[%clk 0:38:20]} 43. Qxf7
{[%clk 0:20:20]} Rh1 {[%clk 0:38:06]} 44. Re3 {[%clk 0:18:07]} Qe1+
{[%clk 0:36:06]} 45. Kd3 {[%clk 0:18:27]} Qb1+ {[%clk 0:36:09]} 46. Ke2
{[%clk 0:18:51]} Qf1+ {[%clk 0:21:39]} 47. Kf3 {[%clk 0:19:14]} Rh3+
{[%clk 0:20:27]} 48. Ke4 {[%clk 0:18:49]} Qb1+ {[%clk 0:19:16]} 49. Kf4
{[%clk 0:17:01]} Rh4+ {[%clk 0:09:11]} 50. Kf3 {[%clk 0:16:40]} e5
{[%clk 0:08:06]} 51. Re1 {[%clk 0:11:13]} Qg6 {[%clk 0:00:33]} 52. Qxg6+
{[%clk 0:11:09]} Kxg6 {[%clk 0:01:01]} 53. Rg1+ {[%clk 0:10:56]} Kf6
{[%clk 0:01:03]} 54. Rd6+ {[%clk 0:11:03]} Ke7 {[%clk 0:01:32]} 55. Rxa6
{[%clk 0:11:16]} e4+ {[%clk 0:01:41]} 56. Ke2 {[%clk 0:10:01]} 1-0

[Event "Finale del Campionato Italiano Assoluto 2016"]
[Site "Roma"]
[Date "2016.12.09"]
[Round "3.2"]
[White "IM 2411, Bonafede, Alessandro"]
[Black "GM 2473, Ortega, Lexy"]
[Result "0-1"]
[LiveChessVersion "1.4.6"]
[BlackElo "2473"]
[WhiteElo "2411"]

1. e4 {[%clk 1:40:53]} c5 {[%clk 1:36:15]} 2. b3 {[%clk 1:41:06]} Nc6
{[%clk 1:35:56]} 3. Bb2 {[%clk 1:41:21]} Nf6 {[%clk 1:35:42]} 4. Nc3
{[%clk 1:41:15]} g6 {[%clk 1:35:40]} 5. f4 {[%clk 1:28:40]} Bg7 {[%clk 1:35:05]}
6. e5 {[%clk 1:21:10]} Nh5 {[%clk 1:35:15]} 7. Nh3 {[%clk 1:19:30]} d5
{[%clk 0:56:27]} 8. g4 {[%clk 1:09:01]} d4 {[%clk 0:52:20]} 9. Ne4
{[%clk 1:06:52]} f5 {[%clk 0:51:45]} 10. gxh5 {[%clk 1:02:04]} fxe4
{[%clk 0:52:11]} 11. Ng5 {[%clk 0:58:03]} Bf5 {[%clk 0:50:01]} 12. Bc4
{[%clk 0:55:04]} e6 {[%clk 0:48:42]} 13. h4 {[%clk 0:52:49]} Qd7 {[%clk 0:29:33]}
14. d3 {[%clk 0:32:45]} exd3 {[%clk 0:24:19]} 15. cxd3 {[%clk 0:31:16]} a6
{[%clk 0:20:32]} 16. a4 {[%clk 0:31:16]} Nb4 {[%clk 0:18:26]} 17. Ne4
{[%clk 0:26:16]} O-O {[%clk 0:17:55]} 18. Nd6 {[%clk 0:11:13]} gxh5
{[%clk 0:14:10]} 19. Qxh5 {[%clk 0:03:15]} Bxd3 {[%clk 0:08:37]} 20. Rg1
{[%clk 0:02:56]} Bxc4 {[%clk 0:05:59]} 21. bxc4 {[%clk 0:03:10]} Nd3+
{[%clk 0:05:47]} 22. Kd2 {[%clk 0:02:49]} Nxf4 {[%clk 0:05:19]} 23. Qg4
{[%clk 0:02:21]} Ng6 {[%clk 0:04:45]} 24. Rae1 {[%clk 0:02:22]} Kh8
{[%clk 0:03:23]} 25. Qh5 {[%clk 0:00:36]} Nf4 {[%clk 0:02:36]} 26. Qg4
{[%clk 0:00:52]} Ng6 {[%clk 0:01:57]} 27. Qh5 {[%clk 0:00:57]} Rf2+
{[%clk 0:01:59]} 28. Kc1 {[%clk 0:01:23]} Qxa4 {[%clk 0:01:53]} 29. Re2
{[%clk 0:01:14]} Raf8 {[%clk 0:01:45]} 30. Rxf2 {[%clk 0:00:31]} Rxf2
{[%clk 0:01:57]} 31. Qd1 {[%clk 0:00:32]} Qa2 {[%clk 0:01:32]} 0-1

[Event "Finale del Campionato Italiano Assoluto 2016"]
[Site "Roma"]
[Date "2016.12.09"]
[Round "3.3"]
[White "GM 2554, Dvirnyy, Danyyil"]
[Black "GM 2514, Mogranzini, Roberto"]
[Result "1/2-1/2"]
[LiveChessVersion "1.4.6"]
[BlackElo "2514"]
[WhiteElo "2544"]

1. d4 Nf6 2. c4 g6 3. g3 c5 4. Nf3 Bg7 5. Bg2 cxd4 6. Nxd4 Nc6 7. Nc3 O-O 8. O-O
d6 9. Nb3 Na5 10. c5 Nxb3 11. axb3 dxc5 12. Qxd8 Rxd8 13. Na4 Bg4 14. Nxc5 Rac8
15. Nxb7 Rd7 16. b4 Bxe2 17. Re1 Bb5 18. Bh3 e6 19. Nc5 Re7 20. Ra5 Bc4 21. Bf4
Rd8 22. Be5 Ne8 23. Bxg7 Kxg7 24. b3 Bd5 25. Rea1 Nd6 26. Bf1 Nc8 27. Be2 Rc7 28.
f3 Rd6 1/2-1/2

[Event "Finale del Campionato Italiano Assoluto 2016"]
[Site "Roma"]
[Date "2016.12.09"]
[Round "3.4"]
[White "GM 2557, Brunello, Sabino"]
[Black "IM 2417, Basso, Pier Luigi"]
[Result "1/2-1/2"]
[LiveChessVersion "1.4.6"]
[BlackElo "2417"]
[WhiteElo "2557"]

1. c4 {[%clk 0:16:46]} e6 {[%clk 0:48:55]} 2. Nf3 {[%clk 0:16:46]} d5
{[%clk 0:48:55]} 3. g3 {[%clk 0:16:46]} Nf6 {[%clk 0:48:55]} 4. Bg2
{[%clk 0:16:46]} Be7 {[%clk 0:48:55]} 5. O-O {[%clk 0:16:46]} O-O
{[%clk 0:48:55]} 6. b3 {[%clk 0:16:46]} c5 {[%clk 0:48:55]} 7. Bb2
{[%clk 0:16:46]} Nc6 {[%clk 0:48:55]} 8. e3 {[%clk 0:16:46]} b6 {[%clk 0:48:55]}
9. Nc3 {[%clk 0:16:46]} Bb7 {[%clk 0:48:55]} 10. cxd5 {[%clk 0:16:46]} Nxd5
{[%clk 0:48:55]} 11. Nxd5 {[%clk 0:16:46]} Qxd5 {[%clk 0:48:55]} 12. d4
{[%clk 0:16:46]} Qf5 {[%clk 0:48:55]} 13. Ne5 {[%clk 0:16:46]} Nxe5
{[%clk 0:48:55]} 14. Bxb7 {[%clk 0:16:46]} Rab8 {[%clk 0:48:55]} 15. Bg2
{[%clk 0:16:46]} cxd4 {[%clk 0:48:55]} 16. Bxd4 {[%clk 0:16:46]} Rfd8
{[%clk 0:48:55]} 17. Qe2 {[%clk 0:16:46]} Bf6 {[%clk 0:48:55]} 18. Rad1
{[%clk 0:16:46]} Rbc8 {[%clk 0:48:55]} 19. e4 {[%clk 0:16:46]} Qg4
{[%clk 0:48:55]} 20. f3 {[%clk 0:16:46]} Qh5 {[%clk 0:48:55]} 21. Be3
{[%clk 0:16:46]} Nc6 {[%clk 0:48:55]} 22. Qf2 {[%clk 0:16:46]} Bg5
{[%clk 0:48:55]} 23. Rxd8+ {[%clk 0:16:46]} Rxd8 {[%clk 0:48:55]} 24. f4
{[%clk 0:16:46]} Be7 {[%clk 0:48:55]} 25. Qc2 {[%clk 0:16:46]} Nd4
{[%clk 0:48:55]} 26. Qc7 {[%clk 0:16:46]} Qc5 {[%clk 0:48:55]} 27. Qxa7
{[%clk 0:16:46]} Ne2+ {[%clk 0:48:55]} 28. Kh1 {[%clk 0:16:46]} Qxe3
{[%clk 0:48:55]} 29. Qxe7 {[%clk 0:16:46]} Qd4 {[%clk 0:48:55]} 30. f5
{[%clk 0:16:46]} e5 {[%clk 0:48:55]} 31. f6 {[%clk 0:16:46]} Qd6 {[%clk 0:48:55]}
32. Bf3 {[%clk 0:16:46]} Nd4 {[%clk 0:48:55]} 33. Qxd6 {[%clk 0:16:46]} Rxd6
{[%clk 0:48:55]} 34. fxg7 {[%clk 0:16:46]} Nxf3 {[%clk 0:48:55]} 35. Rxf3
{[%clk 0:16:46]} Rd4 {[%clk 0:48:55]} 36. Rc3 {[%clk 0:16:46]} Rd1+
{[%clk 0:48:55]} 37. Kg2 {[%clk 0:16:46]} Rd2+ {[%clk 0:48:55]} 38. Kf3
{[%clk 0:16:46]} Rxa2 {[%clk 0:48:55]} 39. h4 {[%clk 0:16:46]} Kxg7
{[%clk 0:48:55]} 40. Rd3 {[%clk 0:16:46]} Kg6 {[%clk 0:48:55]} 41. Rd6+
{[%clk 0:16:46]} f6 {[%clk 0:48:55]} 42. Rxb6 {[%clk 0:16:46]} Rc2
{[%clk 0:48:55]} 43. g4 {[%clk 0:16:46]} h6 {[%clk 0:48:55]} 44. Rb8
{[%clk 0:16:46]} Rc3+ {[%clk 0:48:55]} 45. Kf2 {[%clk 0:16:46]} Rh3
{[%clk 0:48:55]} 46. b4 {[%clk 0:16:46]} Rxh4 {[%clk 0:48:55]} 47. b5
{[%clk 0:16:46]} Rh2+ {[%clk 0:48:55]} 48. Kg3 {[%clk 0:16:46]} Rb2
{[%clk 0:48:55]} 49. b6 {[%clk 0:16:46]} Rb3+ {[%clk 0:48:55]} 50. Kh4
{[%clk 0:16:46]} Rb1 {[%clk 0:48:55]} 51. b7 {[%clk 0:16:46]} Kg7
{[%clk 0:48:55]} 52. Kg3 {[%clk 0:16:46]} Rb3+ {[%clk 0:48:55]} 53. Kf2
{[%clk 0:16:46]} Rb2+ {[%clk 0:48:55]} 54. Ke3 {[%clk 0:16:46]} Rb3+
{[%clk 0:48:55]} 55. Kd2 {[%clk 0:16:46]} Rb2+ {[%clk 0:48:55]} 56. Kc3
{[%clk 0:16:46]} Rb1 {[%clk 0:48:55]} 57. Kc4 {[%clk 0:16:46]} Rc1+
{[%clk 0:48:55]} 58. Kd5 {[%clk 0:16:46]} Rb1 {[%clk 0:48:55]} 59. Kc6
{[%clk 0:16:46]} Rc1+ {[%clk 0:48:55]} 60. Kd6 {[%clk 0:16:46]} Rb1
{[%clk 0:48:55]} 1/2-1/2

[Event "Finale del Campionato Italiano Assoluto 2016"]
[Site "Roma"]
[Date "2016.12.09"]
[Round "3.5"]
[White "GM 2519, Godena, Michele"]
[Black "IM 2479, Valsecchi, Alessio"]
[Result "1-0"]
[LiveChessVersion "1.4.6"]
[BlackElo "2479"]
[WhiteElo "2519"]

1. e4 {[%clk 1:40:58]} e6 {[%clk 1:38:50]} 2. d4 {[%clk 1:41:09]} d5
{[%clk 1:39:15]} 3. Nd2 {[%clk 1:41:20]} c5 {[%clk 1:39:26]} 4. exd5
{[%clk 1:30:08]} exd5 {[%clk 1:39:27]} 5. Ngf3 {[%clk 1:29:32]} Nf6
{[%clk 1:39:15]} 6. Bb5+ {[%clk 1:27:35]} Bd7 {[%clk 1:39:18]} 7. Bxd7+
{[%clk 1:27:36]} Nbxd7 {[%clk 1:39:41]} 8. O-O {[%clk 1:28:01]} Be7
{[%clk 1:39:49]} 9. dxc5 {[%clk 1:25:59]} Nxc5 {[%clk 1:40:07]} 10. Re1
{[%clk 1:24:57]} O-O {[%clk 1:39:34]} 11. Nf1 {[%clk 1:24:57]} Re8
{[%clk 1:33:00]} 12. Be3 {[%clk 1:19:52]} Nfe4 {[%clk 1:31:42]} 13. c3
{[%clk 1:15:00]} a5 {[%clk 1:21:41]} 14. Qc2 Qc7 {[%clk 1:13:24]} 15. Rad1
{[%clk 1:13:53]} Rad8 {[%clk 1:13:07]} 16. Bd4 Ne6 17. Ne3 {[%clk 0:58:19]} Nxd4
{[%clk 0:43:56]} 18. Rxd4 {[%clk 0:57:53]} Nf6 {[%clk 0:43:52]} 19. Red1
{[%clk 0:52:07]} Qc6 {[%clk 0:39:17]} 20. Ne5 {[%clk 0:46:44]} Qe6
{[%clk 0:37:18]} 21. Nd3 {[%clk 0:46:45]} Bd6 22. Nf4 {[%clk 0:37:48]} Bxf4
{[%clk 0:28:51]} 23. Rxf4 {[%clk 0:38:08]} Ne4 {[%clk 0:28:53]} 24. Qd3 g6 25. h4
{[%clk 0:16:28]} Qe5 {[%clk 0:17:42]} 26. Rf3 {[%clk 0:16:37]} Nf6 27. Qd4 Qxd4
{[%clk 0:10:18]} 28. Rxd4 {[%clk 0:12:18]} Kg7 29. g4 {[%clk 0:03:29]} Re4
{[%clk 0:10:24]} 30. Rf4 Rxf4 {[%clk 0:09:07]} 31. Rxf4 {[%clk 0:04:02]} h5
{[%clk 0:03:06]} 32. gxh5 {[%clk 0:01:26]} gxh5 {[%clk 0:01:57]} 33. Rd4
{[%clk 0:00:36]} Rd7 {[%clk 0:02:21]} 34. a4 {[%clk 0:00:44]} Kf8
{[%clk 0:02:01]} 35. Nf5 {[%clk 0:00:48]} Rc7 {[%clk 0:00:46]} 36. Kg2
{[%clk 0:00:58]} Ke8 {[%clk 0:01:06]} 37. Ne3 {[%clk 0:00:44]} Rd7
{[%clk 0:01:23]} 38. Nf5 {[%clk 0:00:44]} Rc7 {[%clk 0:01:38]} 39. Ne3
{[%clk 0:00:38]} Rd7 {[%clk 0:01:54]} 40. Kf3 {[%clk 0:50:41]} Ke7
{[%clk 0:50:47]} 41. Kf4 {[%clk 0:39:52]} Ke6 {[%clk 0:47:39]} 42. f3
{[%clk 0:39:48]} b5 {[%clk 0:34:18]} 43. axb5 {[%clk 0:31:24]} Rb7
{[%clk 0:34:25]} 44. Nf5 {[%clk 0:28:27]} Rxb5 {[%clk 0:34:25]} 45. Rd2
{[%clk 0:28:27]} Kd7 {[%clk 0:34:25]} 46. c4 {[%clk 0:28:27]} Rb6
{[%clk 0:34:25]} 47. cxd5 {[%clk 0:28:27]} Rb4+ {[%clk 0:34:25]} 48. Kg5
{[%clk 0:28:27]} Nh7+ {[%clk 0:34:25]} 49. Kxh5 {[%clk 0:28:27]} Rf4
{[%clk 0:34:25]} 50. Nd4 {[%clk 0:28:27]} a4 {[%clk 0:34:25]} 51. Rd3
{[%clk 0:28:27]} Kd6 {[%clk 0:34:25]} 52. Ne2 {[%clk 0:28:27]} Rb4
{[%clk 0:34:25]} 53. Kh6 {[%clk 0:28:27]} Rxh4+ {[%clk 0:34:25]} 54. Kg7
{[%clk 0:28:27]} Ng5 {[%clk 0:34:25]} 55. Kf6 {[%clk 0:28:27]} Nh3
{[%clk 0:34:25]} 56. Ng3 {[%clk 0:28:27]} Rh6+ {[%clk 0:34:25]} 57. Kxf7
{[%clk 0:28:27]} Ke5 {[%clk 0:34:25]} 58. Ne2 {[%clk 0:28:27]} Rh7+
{[%clk 0:34:25]} 59. Ke8 {[%clk 0:28:27]} Kd6 {[%clk 0:34:25]} 60. Nc3
{[%clk 0:28:27]} Nf4 {[%clk 0:34:25]} 61. Rd4 {[%clk 0:28:27]} Re7+
{[%clk 0:34:25]} 62. Kf8 {[%clk 0:03:21]} Ng6+ {[%clk 0:17:18]} 63. Kg8
{[%clk 0:03:50]} Rb7 {[%clk 0:16:07]} 64. Rxa4 {[%clk 0:02:54]} Ne7+
{[%clk 0:15:20]} 65. Kf8 {[%clk 0:03:19]} Ng6+ {[%clk 0:15:19]} 66. Kg8
{[%clk 0:03:46]} Ne7+ {[%clk 0:15:44]} 67. Kf8 {[%clk 0:04:07]} Ng6+
{[%clk 0:16:09]} 68. Ke8 {[%clk 0:04:23]} Rb8+ {[%clk 0:14:50]} 69. Kf7
{[%clk 0:04:49]} Ne5+ {[%clk 0:15:15]} 70. Kg7 {[%clk 0:03:41]} Rb7+
{[%clk 0:14:57]} 71. Kh6 {[%clk 0:03:52]} Nxf3 {[%clk 0:14:10]} 72. Ra6+
{[%clk 0:04:16]} Ke5 {[%clk 0:12:57]} 73. Re6+ {[%clk 0:04:02]} Kf5
{[%clk 0:13:19]} 74. Ne4 {[%clk 0:03:28]} Rxb2 {[%clk 0:13:17]} 75. Nd6+
{[%clk 0:03:54]} Kf4 {[%clk 0:12:48]} 76. Re4+ {[%clk 0:04:14]} Kg3
{[%clk 0:13:13]} 77. Nf5+ {[%clk 0:04:15]} Kf2 {[%clk 0:13:38]} 78. d6
{[%clk 0:04:00]} Rb5 {[%clk 0:12:45]} 79. Rf4 {[%clk 0:01:36]} Rd5
{[%clk 0:09:53]} 80. Kg6 {[%clk 0:02:01]} Rd3 {[%clk 0:09:25]} 81. Kf6
{[%clk 0:02:06]} Kg1 {[%clk 0:09:21]} 82. Re4 {[%clk 0:01:11]} Kf2
{[%clk 0:08:52]} 83. Ke7 {[%clk 0:01:02]} Nd2 {[%clk 0:07:53]} 84. Rd4
{[%clk 0:00:42]} 1-0

[Event "Finale del Campionato Italiano Assoluto 2016"]
[Site "Roma"]
[Date "2016.12.09"]
[Round "3.6"]
[White "IM 2317, Lodici, Lorenzo"]
[Black "GM 2574, David, Alberto"]
[Result "0-1"]
[LiveChessVersion "1.4.6"]
[BlackElo "2574"]
[WhiteElo "2317"]

1. d4 {[%clk 1:40:26]} Nf6 {[%clk 1:40:35]} 2. Nf3 {[%clk 1:40:28]} g6
{[%clk 1:39:31]} 3. g3 {[%clk 1:40:35]} d5 {[%clk 1:36:59]} 4. Bg2
{[%clk 1:40:41]} Bg7 {[%clk 1:37:24]} 5. O-O {[%clk 1:40:55]} O-O
{[%clk 1:37:48]} 6. c4 {[%clk 1:41:06]} dxc4 {[%clk 1:35:53]} 7. Na3
{[%clk 1:41:00]} Nc6 {[%clk 1:30:26]} 8. Nxc4 {[%clk 1:41:13]} Be6
{[%clk 1:30:46]} 9. b3 {[%clk 1:41:28]} Bd5 {[%clk 1:30:40]} 10. Bb2
{[%clk 1:41:51]} a5 {[%clk 1:30:37]} 11. Ne3 {[%clk 1:42:07]} Be4
{[%clk 1:21:47]} 12. a3 {[%clk 1:41:36]} e6 {[%clk 1:17:21]} 13. Ne5
{[%clk 1:27:38]} Bxg2 {[%clk 1:11:52]} 14. Kxg2 {[%clk 1:27:33]} Nd5
{[%clk 1:06:54]} 15. N3c4 {[%clk 1:13:50]} Qe8 {[%clk 1:02:21]} 16. Rc1
{[%clk 0:57:51]} f5 {[%clk 0:49:16]} 17. Nxc6 {[%clk 0:54:48]} Qxc6
{[%clk 0:48:31]} 18. Kg1 {[%clk 0:54:52]} Qa6 {[%clk 0:43:07]} 19. Re1
{[%clk 0:43:47]} Rad8 {[%clk 0:34:12]} 20. Qc2 {[%clk 0:30:58]} Rf7
{[%clk 0:30:33]} 21. e4 {[%clk 0:26:55]} Ne7 {[%clk 0:27:18]} 22. Rcd1
{[%clk 0:23:49]} a4 {[%clk 0:20:51]} 23. b4 {[%clk 0:12:04]} Qc6 {[%clk 0:18:51]}
24. Qd3 {[%clk 0:10:35]} fxe4 {[%clk 0:11:52]} 25. Rxe4 {[%clk 0:10:47]} Nf5
{[%clk 0:12:02]} 26. Ne5 {[%clk 0:09:12]} Bxe5 {[%clk 0:09:39]} 27. Rxe5
{[%clk 0:09:37]} Rd5 {[%clk 0:09:30]} 28. Rde1 {[%clk 0:08:12]} Rf6
{[%clk 0:06:16]} 29. f4 {[%clk 0:02:40]} Qd7 {[%clk 0:06:11]} 30. Qe4
{[%clk 0:02:27]} Kf7 {[%clk 0:03:38]} 31. g4 {[%clk 0:01:51]} Ng7
{[%clk 0:04:04]} 32. Rc1 {[%clk 0:01:30]} c6 {[%clk 0:04:00]} 33. Rc5
{[%clk 0:01:37]} Kg8 {[%clk 0:04:07]} 34. Kg2 {[%clk 0:01:52]} Ne8
{[%clk 0:01:03]} 35. Kg3 {[%clk 0:00:40]} Nd6 {[%clk 0:01:27]} 36. Qc2
{[%clk 0:00:40]} Qf7 {[%clk 0:01:05]} 37. Qf2 {[%clk 0:00:37]} h6
{[%clk 0:00:45]} 38. Qe3 {[%clk 0:00:50]} Qd7 {[%clk 0:00:46]} 39. Qd3
{[%clk 0:00:48]} Qf7 {[%clk 0:00:56]} 40. Bc1 {[%clk 0:50:54]} Qd7
{[%clk 0:50:42]} 41. Qc2 {[%clk 0:40:47]} 0-1